000 00620nam a2200241Ia 4500
003 OSt
005 20220918182513.0
006 a|||||r|||| 00| 0
007 ta
008 220917b |||||||| |||| 00| 0 eng d
024 _a32,755
037 _cTextual
040 _aARTS
_cARTS
_beng
041 _2eng
_aeng
082 _aO111,1NBU,1, K9
100 _aBuruga Joseph
_960416
245 0 _aAbandoned hut
260 _aNairobi
_bEast African
_c1969
300 _a97p.
_ccm.
650 _aENGLISH LITERATURE
942 _hO111,1NBU,1, K9
_cTEXL
_2CC
999 _c169188
_d169188